000
00454nam a2200157Ia 4500
008
100204s9999 xx 000 0 und d
082
_b
3295
100
_a
दास योगेश
245
_a
ढग पांगले
260
_b
नॅशनल बुक ट्रस्ट
_c
1973
300
_a
151
630
_a
ढग पांगले
700
_a
सरन सुमति
730
_a
ढग पांगले
942
_c
BOOK
999
_c
448255
_d
448252